Statistics for Jamaica First Level Subdivisions

Click here to take the quiz!

General Stats

  • This quiz has been taken 49 times
  • The average score is 8 of 14

Answer Stats

Parishes% Correct
Kingston
93%
Saint Catherine
73%
Saint Ann
70%
Saint Mary
70%
Saint Elizabeth
67%
Saint Thomas
63%
Manchester
60%
Saint Andrew
57%
Saint James
57%
Trelawny
57%
Westmoreland
50%
Hanover
47%
Portland
43%
Clarendon
33%

Score Distribution

Percentile by Number Answered

Percent of People with Each Score

Your Score History

You have not taken this quiz